| 000 | 00814nam a22001697a 4500 | ||
|---|---|---|---|
| 003 | OSt | ||
| 005 | 20251127080552.0 | ||
| 008 | 251127b |||||||| |||| 00| 0 eng d | ||
| 040 | _cDCL | ||
| 082 | _a၂၉၄.၃၈၂၃၅၇ | ||
| 130 |
_aတိပိဋက။ _pသုတ္တန္တပိဋက။ _pခုဒ္ဒကနိကာယ။ _tဗုဒ္ဓဝံသ၊ _lအဋ္ဌကထာ။ |
||
| 245 | _aဗုဒ္ဓဝံသအဋ္ဌကထာ ။ | ||
| 264 |
_aရန်ကုန် ၊ _bနိုင်ငံတော်ဗုဒ္ဓသာနာအဖွဲ့၊ _c၁၉၅၉။ |
||
| 300 |
_a၄၄၈ စာမျက်နှာ ၊ _c၂၅ စင်တီ။ |
||
| 650 |
_aဗုဒ္ဓဝံသ _vအဋ္ဌကထာ။ |
||
| 942 |
_2ddc _cSHORT TERM _n0 |
||
| 999 |
_c2626 _d2626 |
||